| 000 | 00595nam a22001937a 4500 | ||
|---|---|---|---|
| 999 |
_c180690 _d180690 |
||
| 005 | 20210813164849.0 | ||
| 010 | _aENG-129858 | ||
| 020 |
_c1295.00 _a978-81-951951-1-4 |
||
| 035 | _aEN-113390 | ||
| 037 | _bDBAD/PUB | ||
| 082 | _a921 | ||
| 100 | _aTyagi, Narendra | ||
| 245 |
_aTryst With Destiny An Autobiography : _cNarendra Tyagi |
||
| 250 | _a2021 | ||
| 260 |
_bIndex International _c2021 _aGhaziabad |
||
| 270 |
_mintexintl@airtelmail.in _aA8-002, Olive County Sector-5, Vasundhara _bGhaziabad _e201012 |
||
| 300 |
_a334p. _c25cm (hbk) |
||
| 942 |
_2ddc _cEN _h921 _kTYA |
||